Statistiche per Primi 15 paesi interessati da Covid-19 - 16 marzo 2022

Clicka qui per fare il quiz!

Statistiche generali

  • Questo quiz è stato fatto 7 volte
  • Il punteggio medio è 16 su 29

Statistiche sulle risposte

paese% Corretto
Francia
100%
Italia
100%
Regno Unito
100%
Spagna
100%
Stati Uniti
100%
Brasile
86%
Germania
86%
Portogallo
86%
Russia
86%
Argentina
71%
Belgio
71%
Paesi Bassi
71%
Paesi Bassi
71%
Corea del Sud
57%
Iran
57%
Slovenia
57%
Svizzera
57%
Austria
43%
India
43%
Israele
43%
Turchia
43%
Cechia
29%
Danimarca
29%
Georgia
14%
Bahrain
0%
Estonia
0%
Lettonia
0%
Lituania
0%
Vietnam
0%

Distribuzione punteggi

Percentile per numero di risposta

Percentuale di utenti per punteggio

I tuoi punteggi nel tempo

Non hai fatto questo quiz